கிராமிய வழிபாடு/

Saved in:
Bibliographic Details
Main Author: மனோகரன்,மு
Format: Book
Language:English
Tamil
Published: கொழும்பு: லங்கா புத்தகசாலை, 2018
Subjects:
Tags: Add Tag
No Tags, Be the first to tag this record!

MARC

LEADER 00000nam a22000007a 4500
005 20260410124334.0
008 260410b |||||||| |||| 00| 0 eng d
020 |a 9789557052090 
041 |a tam  |h tam 
082 |a 294.5  |b மனோக 
100 |a மனோகரன்,மு.  |9 117196 
245 |a கிராமிய வழிபாடு/  |c மு.மனோகரன். 
260 |a கொழும்பு:  |b லங்கா புத்தகசாலை,  |c 2018 
300 |a 85p.:  |b ;  |c 21.5.cm 
500 |a Purchased 
650 |a இந்து மதம் 
942 |c BK 
999 |c 71234  |d 71234